000
00340 a2200157 4500
001
151376
040
_c
Escola São Tomás de Aquino
100
_a
AQUINO, Eduardo
240
1
0
_a
Tião vermelhão
_l
por
245
1
0
_a
Tião vermelhão
300
_a
90
362
0
_a
1999
440
1
_a
Modus vivendi
697
_a
Psicologia
942
_c
BK
999
_c
151376
_d
151376